[Event "Wotulo Memorial"]
[Site "Jakarta"]
[Date "2001.03.27"]
[Round "6"]
[White "Prayitno, Sugeng"]
[Black "Sasikiran, Krishnan"]
[Result "0-1"]
[WhiteElo "2391"]
[BlackElo "2601"]
[Annotator "Huebner,R"]
[PlyCount "78"]
[EventDate "2001.03.23"]
[EventType "tourn"]
[EventRounds "13"]
[EventCountry "INA"]
[EventCategory "8"]
[SourceTitle "CBM 083"]
[Source "ChessBase"]
[SourceDate "2001.07.05"]
[SourceVersion "1"]
[SourceVersionDate "2001.07.05"]
[SourceQuality "1"]

1. d4 Nf6 2. c4 c6 3. Nc3 d5 4. Nf3 dxc4 5. a4 Bf5 6. Ne5 Nbd7 7. Nxc4 Qc7 8.
f3 $6 {Diese Fortsetzung an Stelle des üblichen} (8. g3 {ist wenig gebräuclich;
sie verspricht keinen Vorteil, sondern nur Schwierigkeiten.}) 8... e5 9. dxe5
Nxe5 10. e4 Be6 11. Nxe5 Qxe5 12. Be3 Bb4 13. Qc1 (13. Qc2 {ist nicht besser:}
Nd5 14. Bd2 O-O 15. g3 Rfe8 16. Be2 Nxc3 17. Bxc3 Qc5 $17 {0-1 Somerset,
W-Ferguson,M/Southend 2000/EXT 2001 (25). (25)}) ({Unbequem ist die Lage des
Weißen auch nach} 13. Bd4 Qa5 14. Qc2 ({Nach} 14. Bxf6 gxf6 15. Qd4 Be7 16. Be2
Rd8 {sind die schwarzen Felder im Lager des Weißen entscheidend geschwächt.})
14... Rd8 15. Rd1 O-O 16. Be2 Qg5) 13... Nd7 14. Be2 Nc5 15. f4 Qd6 $6 (15...
Qf6 {ist vielleicht genauer, denn in dem Endspiel, das nun entsteht, hat Weiß
Rettungsaussichten.}) 16. Qc2 Bb3 17. Bxc5 Bxc2 18. Bxd6 Bxd6 19. O-O (19. e5
Bc5 20. Bd1 {kann auch versucht werden; es ist nicht deutlich, ob Schwarz
einen wesentlichen Vorteil hat.}) 19... O-O-O 20. e5 Bc7 (20... Bc5+ 21. Kh1
Rd2 22. Bc4 {überläßt dem Weißen ebenfalls Gegenspiel.}) 21. Bc4 f6 22. e6 $2 (
{Die Fortsetzung} 22. exf6 gxf6 23. g3 h5 {sieht für Weiß ebenfalls finster
aus, aber mit}) (22. Rae1 {behält er Überlebensaussichten.}) 22... Rd4 23. b3
Rxf4 24. Rxf4 Bxf4 25. Ra2 Bf5 $19 26. Re2 Re8 27. Ne4 Be5 28. h3 Kc7 29. Kf1
Bxe6 30. Nc5 Bxc4 31. bxc4 Re7 32. g4 Kb6 33. Nd3 Ka5 34. Ra2 Bd4 35. Nf4 Kb4
36. Ne2 Be5 37. a5 Rd7 38. a6 b6 39. Rc2 Rd1+ 0-1

[Event "St Petersburg-ch"]
[Site "St Petersburg"]
[Date "2001.04.19"]
[Round "9"]
[White "Lugovoi, Aleksei"]
[Black "Popov, Valerij"]
[Result "0-1"]
[WhiteElo "2512"]
[BlackElo "2545"]
[Annotator "Huebner,R"]
[PlyCount "138"]
[EventDate "2001.04.10"]
[EventType "tourn"]
[EventRounds "11"]
[EventCountry "RUS"]
[EventCategory "9"]
[SourceTitle "CBM 083"]
[Source "ChessBase"]
[SourceDate "2001.07.05"]
[SourceVersion "1"]
[SourceVersionDate "2001.07.05"]
[SourceQuality "1"]

1. d4 d5 2. c4 c6 3. Nf3 Nf6 4. Nc3 dxc4 5. a4 Bf5 6. Ne5 e6 7. f3 Bb4 8. Nxc4
{Dieser Zug ist einigermaßen in Vergessenheit geraten, nachdem Schwarz in der
Hauptvariante in letzter Zeit unter einigen Druck geriet.} Nd5 {Dies gilt
nicht als das Genaueste.} (8... c5 {ergibt vielleicht auch nicht vollen
Ausgleich:} 9. dxc5 (9. e4 cxd4 10. Qb3 Qe7 11. exf5 dxc3 12. bxc3 exf5+ 13.
Kd1 Bc5 {0-1 Rogozenko,D-Bach,A/Odorheiu Secuiesc 1992/EXT 97 (56) ist
natürlich unbefriedigend für Weiß.}) 9... Qxd1+ 10. Kxd1 O-O 11. e4 Bg6 12. Nd6
b6 (12... Rd8 13. Kc2 Nc6 ({Nach} 13... b6 14. cxb6 axb6 15. Ndb5 {hat Weiß
einen gesunden Mehrbauern, Henley - S.Pavlovic, Lugano 1983.}) 14. Be3 b6 15.
Bb5 Na5 16. Nc4 Nd5 (16... Nxc4 17. Bxc4 Bxc5 18. Bxc5 bxc5 19. Rhd1 {führt zu
unbequemem Spiel für Schwarz: Agzamov-Beljavskij, Meisterschaft der UdSSR 1981,
Inf. 32/463.}) 17. Nxd5 exd5 18. Nxa5 bxa5 19. Rhd1 {(H. Ree)} dxe4 20. Kb3 {
mit einigem Vorteil für Weiß; vgl. Z. Ribli, Slawisch D16-19 
(Informatormonographie) D17/66, Fußnote 419.}) 13. cxb6 axb6 14. Ndb5 {, und
der Mehrbauer des Weißen ist gesund.}) (8... O-O {ist die Hauptvariante:} 9.
Bg5 (9. e4 Nxe4 10. fxe4 Qh4+ 11. Kd2 Qxe4 12. Qf3 Qxd4+ 13. Ke1 Nd7 {sieht
höchst ungemütlich für Weiß aus.}) 9... h6 10. Bh4 c5 11. dxc5 Qxd1+ 12. Rxd1 (
12. Kxd1 Rd8+ 13. Kc1 Bxc5 14. e4 Bh7 15. Na5 b6 16. Nb3 Be3+ 17. Kc2 Nc6 {
(Tukmakov, vgl. Z. Ribli, Slawisch D16-19 ((Informatormonographie)) D17/69,
Fußnote 433) führt zu einer völlig befriedigenden Stellung für Schwarz.}) 12...
Bc2 13. Rc1 Bb3 (13... Bxa4 14. Bxf6 (14. Ra1 Bb3 15. Nb6 Nd5 {ist vorteilhaft
für Schwarz.}) 14... gxf6 15. Ra1 Bb3 16. Nb6 Nc6 17. Nxa8 Rxa8 18. e3 Bxc5 19.
Be2 Bxe3 20. Bd1 Bc4 21. Be2 {führt zum Remis, Brunner-Hübner, Solingen 1986.})
14. e4 Nbd7 {mit gleichem Spiel.}) 9. Bd2 Nb6 (9... Qh4+ {ist unbefriedigend:}
10. g3 Qxd4 11. e3 Qf6 (11... Qc5 12. e4 b5 13. axb5 cxb5 14. Nxb5 O-O 15. Nc3
{führt zum Figurenverlust, Gavrikov - Kakageldyev, UdSSR 1983.}) 12. e4 Nxc3
13. Qb3 Nxe4 14. Bxb4 Qd4 15. fxe4 Qxe4+ 16. Kf2 (16. Qe3 {ist genauer:} Qxh1
17. Qc5) 16... Qxh1 17. Nd6+ Kd7 18. Nxf5 {und Weiß steht auf Gewinn: Mikenas
- Fejgin, Kemeri 1937; vgl. Z. Ribli, Slawisch D16-19 (Informatormonographie),
D17/65, Fußnote 410.}) 10. e4 Bg6 11. Be3 ({Die Folge} 11. h4 {brachte
Botvinnik Erfolg:} Be7 ({Warum kann aber Schwarz nicht einfach} 11... h6 {
spielen? Eventuell hat Weiß dann nur seinen Königsflügel geschwächt.}) 12. h5
Bh4+ 13. Ke2 Nxc4 14. hxg6 fxg6 15. Bc1 (15. Bf4 O-O 16. g3 {wurde von M.
Botvinnik empfohlen, und in der Tat sieht die Lage nach} Bf6 17. Bh3 Re8 18. e5
Bg5 19. Qb3 {für Schwarz nicht gut aus.}) 15... Be7 (15... g5 16. Qb3 Qxd4 17.
Qxb7 Qf2+ 18. Kd1 Qb6 19. Qxb6 Nxb6 20. Ne2 Bf2 21. Bxg5 {ist besser, aber
auch recht günstig für Weiß.}) 16. Kf2 (16. Qb3 Qxd4 17. Qxb7 Nb6 18. a5 Qd7 {
ergibt Ausgleich.}) 16... Nd6 17. Qb3 Qb6 18. Qxe6 Qxd4+ 19. Be3 Qf6 20. Qb3
Nd7 21. Be2 $14 {1-0 Botvinnik,M-Averbakh,Y/Moscow 1957/EXT 2001 (48). (47)}) (
11. Qb3 a5 (11... Na6 12. Be3 Nxc4 13. Bxc4 $16 {1-0 Ivkov,B-Knezevic,M/
Kraljevo 1967/EXT 2000 (34). (33)}) 12. Be3 N8d7 {führt zur Partiefolge.})
11... N8d7 12. Qb3 a5 13. Nxb6 {Der Abtausch scheint mir überflüssig zu sein:}
(13. Rd1 {ist eine solide Fortsetzung:} O-O 14. Be2 Nxc4 15. Qxc4 Kh8 16. O-O
f5 17. Qxe6 Re8 18. Qb3 fxe4 19. f4 Qe7 20. f5 Bf7 21. Bc4 Bxc4 22. Qxc4 Nb6
23. Qb3 {1/2-1/2 Sturua,Z-Mnatsakanian,E/Tbilisi 1983/MCL (23).}) 13... Qxb6
14. Kf2 $6 {Die Aufgabe der Rochade ist überflüssig.} (14. Bf2 {ist einfacher
und solider.}) 14... Qc7 (14... O-O {ist flexibler, denn} 15. d5 Nc5 {ist für
Weiß nicht erstrebenwert.}) 15. Rc1 O-O 16. h4 $6 (16. g3 {kommt mir viel
solider vor. Der König des Schwarzen steht doch sicherer als der des Weißen;
das Vorgehen am Königsflügel schafft nur Schwächen.}) 16... h6 17. g4 Kh8 {
Schwarz droht nun, f7-f5 durchzusetzen.} 18. g5 h5 19. Ne2 $6 {Es scheint mir,
daß Weiß seine Möglichkeiten überschätzt.} (19. Bh3 {führt zum Ausgleich.})
19... e5 20. Bh3 ({Nach} 20. d5 f5 {beginnt sich der König des Weißen
ungemütlich zu fühlen.}) 20... exd4 21. Nxd4 $6 (21. Bxd4 {ist besser; der
Springer des Schwarzen gelangt nicht nach c5.}) 21... Nc5 22. Qc2 Rad8 23. Rcd1
Qe5 24. Bg2 f6 25. gxf6 Rxf6 26. Ke2 Qg3 27. Rhg1 Rdf8 $2 {Es gabb zwei
Möglichkeiten, das Spiel des Weißen vollkommen zu lähmen, so daß er den Bauern
h4 auf die Dauer nicht halten kann:} (27... Qh2 28. Bf2 (28. Bg5 {scheitert an}
Rxd4) 28... Bf7 {und Weiß hat keine vernünftigen Züge mehr.}) (27... Re8 {
, und jetzt scheitert} 28. Bh1 Qxh4 29. Bg5 {an} Bxe4) ({Nicht überzeugend ist
sofortiges} 27... Qxh4 {Nach} 28. Nf5 Rxf5 29. exf5 {ist die Lage unklar.}) 28.
Bh1 Qh2+ (28... Qxh4 29. Bg5 Qh2+ 30. Rg2 {kostet den Schwarzen hier die
Qualität. Er behält gutes Spiel, aber von Gewinn kann nicht die Rede sein.})
29. Rg2 Qh3 30. Rf2 $2 ({Mit} 30. Rg5 b6 31. Bg2 Qh2 32. Rh1 {hätte Weiß den
Ansturm des Schwarzen abwehren können.}) 30... Qxh4 31. Rdf1 Bh7 32. Qc1 R6f7
33. Bg2 {Schwarz steht auf Gewinn. Auf} (33. Nxc6 {folgt} Nxe4 34. fxe4 Qg4+
35. Bf3 Rxf3 36. Rxf3 bxc6 {, und es gibt keine zureichende Verteidigung gegen
die Drohung 37...Le4:.}) 33... Qg3 ({Zum Geinn genügen dürfte die Fortsetzung} 
33... Bxe4 34. fxe4 Rxf2+ 35. Rxf2 Rxf2+ 36. Bxf2 Qxf2+ 37. Kxf2 Nd3+ {aber
der Textzug ist natürlich überzeugender.}) 34. Bh1 Nxa4 $6 (34... Bxe4 {
führte sofort zum Gewinn:} 35. fxe4 Rxf2+ 36. Rxf2 Rxf2+ 37. Bxf2 Qd3#) 35. Ne6
Re8 $6 {Jetzt kann Weiß noch zappeln.} ({Genauer ist} 35... Qe5 36. Nxf8 (36.
Ng5 Qb5+ 37. Kd1 Rd7+ $19) 36... Nxb2 {mit baldigem Matt.}) 36. Ng5 Rff8 $2 {
Zum Gewinn genügte} (36... Rd7 37. Nxh7 (37. Bf4 {wird mit} Bxe4 {widerlegt.})
37... Qe5 38. Rg2 Qb5+ 39. Kf2 Kxh7 40. Rg5 Re5 {usw.}) 37. Qc2 $2 ({Mit} 37.
Nxh7 Kxh7 38. Rg1 Qc7 (38... Qe5 39. Rg5 Qxb2+ 40. Qxb2 Nxb2 41. Bd4 {ist
nicht, was Schwarz erstrebt.}) 39. Rg5 {konnte Weiß sich beachtliche
Gegenchancen verschaffen.}) 37... b5 $2 (37... Qe5 {ist die angewiesene
Fortsetzung, die zum Gewinn führt.}) 38. f4 $2 ({Richtig ist} 38. Nxh7 Kxh7 39.
e5+ Kg8 40. f4 {mit unklarer Lage.}) 38... Bg8 39. Rf3 Qg4 $6 {Anscheinend
befanden sich beide Seiten in Zeitnot, denn die Züge zeichnen sich nicht durch
Genauigkeit aus.} (39... Bc4+ 40. Qxc4 Qh2+ 41. R1f2 Qxf2+ 42. Rxf2 bxc4 $19)
40. e5 $6 ({Nach} 40. Rg1 Qd7 41. Kf2 {hätte Weiß nicht ungefährliche
Angriffsaussichten behalten.}) 40... Bc4+ 41. Kf2 Qf5 42. Rc1 Nc5 43. Kg1 Qxc2
(43... Nd3 $5) 44. Rxc2 Nd3 45. Rh2 g6 46. e6 Bc5 47. Bxc5 Nxc5 48. f5 Rxf5 49.
Rxf5 gxf5 50. Bxc6 Re7 51. Nf3 Kg7 52. Nd4 Kg6 53. Rg2+ Kf6 54. Rf2 Bxe6 55.
Bxb5 Ne4 56. Rc2 Bd5 57. Bc6 Bxc6 58. Rxc6+ Kg5 59. Ra6 Rd7 60. Nf3+ Kf4 61.
Nh4 Kg4 62. Ng2 Ng5 63. Ne3+ Kf4 64. Nf1 Nf3+ 65. Kg2 Rg7+ 66. Kf2 Rb7 67. Ng3
Rxb2+ 68. Ne2+ Kg4 69. Ke3 f4+ 0-1

[Event "Jakarta Makita Lakoni"]
[Site "Jakarta"]
[Date "2004.02.16"]
[Round "1"]
[White "Hoang, Thanh Trang"]
[Black "Megaranto, Susanto"]
[Result "0-1"]
[WhiteElo "2447"]
[BlackElo "2458"]
[Annotator "Huebner,R"]
[PlyCount "96"]
[EventDate "2004.02.16"]
[EventType "tourn"]
[EventRounds "10"]
[EventCountry "INA"]
[EventCategory "10"]
[SourceTitle "CBM 100"]
[Source "ChessBase"]
[SourceDate "2004.06.01"]
[SourceVersion "1"]
[SourceVersionDate "2004.06.01"]
[SourceQuality "1"]

1. d4 d5 2. c4 c6 3. Nf3 Nf6 4. Nc3 dxc4 5. a4 Bf5 6. Ne5 e6 7. f3 Nbd7 {
Dies ist eine recht passive Fortsetzung, die wenig Anhänger hat. Die Stellung
des Schwarzen ist zwar sehr fest, bietet aber wenig Möglichkeiten zur
Entwicklung aktiven Spiels.} 8. e4 Bg6 9. Nxc4 Be7 10. Be2 O-O 11. Be3 Nb6 12.
Ne5 {Dies ist ein natürlicher Zug. Weniger überzeugend ist} (12. Nd2 Rc8 13.
O-O Bb4 14. Kh1 c5 15. dxc5 Bxc5 (15... Nbd7 16. Nb5 Nxc5 17. Nxa7 Rc7 18. Nb3
Rd7 19. Qc2 Ncxe4 20. fxe4 Nxe4 21. Qc4 $18 {1-0 Chernin,A-Adianto,U/Biel 1997/
CBM 60 ext (33). (32)}) 16. Bxc5 Rxc5 $11) 12... Rc8 13. O-O (13. Qb3 {sieht
gut aus.}) 13... c5 $2 (13... Nbd7 {entspricht mehr dem Geiste dieser Variante.
}) 14. a5 Na8 (14... Nbd7 15. Nxg6 hxg6 16. a6 b6 17. Nb5 {führt ebenfalls zu
einer unerfreulichen Stellung für Schwarz.}) 15. a6 b5 $6 {Dies sind schon
Verzweiflungsmaßnahmen.} (15... b6 16. Nb5 cxd4 17. Bxd4 Bc5 18. Bxc5 Rxc5 19.
Qxd8 Rxd8 20. Nxa7 {ist schon fatal für Schwarz.}) (15... bxa6 16. Rxa6 cxd4
17. Bxd4 {wird bald den a-Bauern kosten.}) 16. Bxb5 {Vielleicht führte
unbarmherzige Vereinfachung am einfachsten zum Gewinn:} (16. dxc5 Bxc5 (16...
b4 17. Qxd8 Rfxd8 18. Nb5 {ist kaum aussichtsreicher für Schwarz.}) 17. Bxc5
Rxc5 18. Qxd8 Rxd8 19. Rfd1 Rb8 20. Nxg6 hxg6 21. Nxb5 {usw.}) 16... Qb6 17.
Nc4 {Dies ist überflüssig. Stärker ist sofortiges} (17. d5 {mit Gewinnstellung
für Weiß.}) 17... Qb8 18. d5 exd5 19. exd5 Rfd8 20. Qd2 Nb6 21. Nxb6 {Auch
hier kann Weiß wirksam vereinfachen:} (21. Bf4 Nxc4 22. Bxc4 Bd6 23. Bxd6 Rxd6
24. Rfe1 {usw.}) 21... Qxb6 22. Rfd1 Bd6 23. Kh1 Qb8 24. Bc6 {Jetzt muß Weiß
dem gegner schon Gegenspiel einräumen, denn nach} (24. Bg1 Be5 {hat er einen
beachtlichen Teil seines Vorteils eingebüßt, weil 25.Lc6 nicht mehr spielbar
ist.}) 24... Bxh2 25. Bb7 Be5 (25... Rc7 26. Kxh2 Rxb7+ 27. Bf4 {ist
hoffnungslos für Schwarz.}) 26. Ra5 $2 {Ich hätte nicht gezögert, die Qualität
mitzunehmen, zumal der Läufer auf b7 im übrigen keine besondere Wirksamkeit
entfaltet. Nach} (26. Bxc8 Rxc8 27. d6 {nebst Le3-f4 wird Schwarz bald die
Lust an der Partie verlieren.}) 26... Rc7 27. Rxc5 Nh5 28. Nb5 {Weiß versucht,
die Dame des Gegners eingesperrt zu halten.} (28. Rxc7 Qxc7 29. Bxa7 Qe7 30.
Bf2 Ng3+ 31. Kg1 Qh4 32. Bb6 Re8 {gewährt dem Schwarzen zum Remis
ausreichendes Gegenspiel.}) 28... Rxc5 29. Bxc5 Ng3+ 30. Kg1 Bf4 31. Be3 $4 {
Danach verliert Weiß nicht nur allen allen Vorteil, sondern und kommt sogar in
eine Verluststellung. Der Gewinnweg ist aber schon nicht mehr einfach zu
finden. Er besteht in} (31. Bxa7 Qe5 32. Re1 Ne4 33. Qd4 ({Die Fortsetzung} 33.
Rxe4 Bxe4 34. Qd4 ({Nach} 34. Qa5 Re8 35. Qc7 ({Nach} 35. fxe4 Qxe4 {erhält
Schwarz siegreichen Angriff.}) 35... Qg5 36. Qd7 Be3+ 37. Bxe3 Qxe3+ 38. Kh2
Bxf3 39. Qxe8+ Qxe8 40. a7 Bxd5 {hat Weiß nichts zu lachen:} 41. Bxd5 Qe5+ 42.
Kh3 Qxd5 43. Nc7 Qd7+ 44. g4 Qd3+ 45. Kh4 g5+ $19) 34... Bxd5 35. Qxe5 Bxe5 36.
Bxd5 Rxd5 37. Bb6 Rxb5 38. a7 Rxb6 39. a8=Q+ Rb8 40. Qa7 g6 {ist nicht
gewinnträchtig für Weiß.}) 33... Bh2+ 34. Kh1 Qh5 (34... Ng3+ 35. Kxh2 Qxe1 36.
Qf2 Nf1+ 37. Kg1 {ist hoffnungslos für Schwarz.}) 35. Rxe4 Bxe4 36. Qxe4 Qh6
37. g3 (37. g4 {ist weniger überzeugend:} Bb8+ 38. Kg2 Qh2+ 39. Kf1 Qh1+ 40.
Ke2 (40. Bg1 Bh2 41. Qe3 Bxg1 42. Qxg1 Qxf3+ 43. Qf2 Qd1+ {ist unklar.}) 40...
Qg2+ 41. Kd3 Qxb2 {mit Gegenspiel für Schwarz.}) 37... Bxg3+ 38. Kg2 Qh2+ 39.
Kf1 Qxb2 40. Bc6 {und Weiß sollte schließlich gewinnen.}) 31... Bxe3+ 32. Qxe3
Re8 33. Qg5 (33. Qxa7 Ne2+ 34. Kf1 (34. Kh1 Qf4 $19) 34... Qh2 {ist tödlich
für Weiß, denn er kann den Turm auf d1 nicht decken:} 35. Nc3 (35. Kf2 Nf4 36.
Rg1 Nh3+ 37. Kf1 Bd3#) 35... Bd3 {, und Schwarz gewinnt.}) (33. Qf2 Ne2+ 34.
Kh1 Qf4 (34... Ng3+ {führt zu Zugwiederholung.}) 35. g4 Ng3+ 36. Kg1 Re2 37.
Re1 (37. Qxa7 h5 {mit entscheidendem Angriff für Schwarz.}) 37... Bd3 38. Nc3
Qh6 {ist ebenfalls hoffnungslos für Weiß.}) 33... h6 $2 (33... Ne2+ {ist
stärker. Nach} 34. Kf2 (34. Kh1 {scheitert hier nämlich an} Re5) 34... h6 35.
Qh4 Qe5 36. Kf1 Qxb2 37. Qc4 Bc2 {ist es um Weiß geschehen.}) 34. Qh4 Ne2+ 35.
Kh1 Ng3+ 36. Kg1 Qe5 37. Nc3 Bc2 38. Ra1 Qe3+ 39. Kh2 Nf5 40. Qg4 h5 41. Qb4 $2
(41. Qh3 {sieht sicherer aus.}) 41... Nd4 {Der Angriff des Schwarzen dürfte
jetzt entscheidende Kraft besitzen.} 42. Qd6 h4 43. Rg1 Re5 {Jetzt droht 44...
Df4+, und dagegen gibt es keine befriedigende Verteidigung.} 44. Qd8+ ({Auf} 
44. Qc7 {folgt} Qf4+ 45. Kh1 Nf5 46. Ne2 (46. Ra1 h3 $19) 46... Ng3+ 47. Nxg3
hxg3 {, und Schwarz gewinnt.}) (44. Bc8 Bf5 45. Bxf5 Qf4+ 46. Kh1 Nxf5 {
bringt ebenfalls keine Rettung.}) 44... Kh7 45. Qxh4+ (45. d6 Qf4+ 46. Kh1 Nf5
47. Ra1 h3 48. gxh3 Qg3 {mit entscheidendem Angriff.}) (45. Bc8 Qf4+ 46. Kh1 h3
47. Bxh3 Rh5 48. Rf1 Bf5 {ist gleichermaßen hoffnungslos für Weiß.}) 45... Kg6
46. Qg3+ Rg5 47. Re1 Qd2 48. Qd6+ f6 {Ein bemerkenswerter Kampf.} 0-1

[Event "Tel Aviv"]
[Site "Tel Aviv"]
[Date "2001.02.23"]
[Round "4"]
[White "Gyimesi, Zoltan"]
[Black "Postny, Evgeny"]
[Result "1-0"]
[WhiteElo "2564"]
[BlackElo "2432"]
[Annotator "Huebner,R"]
[PlyCount "95"]
[EventDate "2001.02.20"]
[EventType "tourn"]
[EventRounds "9"]
[EventCountry "ISR"]
[EventCategory "9"]
[SourceTitle "CBM 082"]
[Source "ChessBase"]
[SourceDate "2001.05.17"]
[SourceVersion "1"]
[SourceVersionDate "2001.05.17"]
[SourceQuality "1"]

1. d4 d5 2. c4 c6 3. Nf3 Nf6 4. Nc3 dxc4 5. a4 Bf5 6. Ne5 e6 7. f3 Bb4 8. e4
Bxe4 9. fxe4 Nxe4 10. Bd2 Qxd4 11. Nxe4 Qxe4+ 12. Qe2 Bxd2+ 13. Kxd2 Qd5+ 14.
Kc2 Na6 15. Nxc4 O-O-O 16. Qe3 c5 (16... Nc5 17. Be2 Qxg2 (17... Qf5+ 18. Kc3
Qf6+ 19. Kb4 (19. Qe5 Ne4+ 20. Kb3 Qxe5 21. Nxe5 Rd2 22. Rae1 $14 {Hübner})
19... Rd5 20. Ka3 Rhd8 21. Rad1 $14 {Agdestein,S-Hansen,Cu, Reykjavik (zt)
1995, CBM 47.}) 18. Rhg1 Qxh2 19. Kc3 (19. Rh1 Qg2 20. Rag1 Qe4+ 21. Qxe4 Nxe4
22. Rxg7 Rd4 $10 {Hergott,D-Marjanovic,S, Belgrad (GMA) 1988, TD 88/07.}) (19.
b4 Nd3 20. Rh1 Qf2 21. Qxf2 Nxf2 22. Rhf1 Ne4 23. Rxf7 Rd7 $10 {Kalatarian,
N-Kinsman,A,Cannes op 1995, EXP 46.}) 19... Rd5 20. b4 Nd7 21. Bf3 Kb8 $13 {
Muse,M-Chernin,A, Altensteig 1991, CBM 25.}) 17. Be2 Nb4+ 18. Kb3 Nc6 19. Rhd1
{So vermeidet Weiß den Damentausch, der sich in der unten angegebenen
Vorgängerpartie ereignete; ich kann mir aber nur schwer vorstellen, daß er dem
Weißen bei bestem Gegenspiel Aussicht auf Vorteil gewährt.} (19. Rac1 Qxg2 20.
Ka3 Nd4 21. Bd3 Qf3 (21... Qc6 22. Ne5 Qb6 (22... Qc7 23. b4 $40) 23. Ka2 $36)
22. Qxf3 Nxf3 23. Rc3 Rd7 (23... f6 $142 24. Bxh7 Rxh7 25. Rxf3 Rd4 $10) 24.
Rf1 (24. Bxh7 Rxh7 25. Rxf3 f6 $10) 24... Nxh2 25. Rxf7 Rxf7 26. Nd6+ Kd7 27.
Nxf7 Rf8 28. Ne5+ Kd6 29. Nc4+ Kd5 30. Bxh7 Nf3 31. Ne3+ Kd4 32. Nc2+ Kd5 33.
Re3 Ng5 34. Bd3 e5 35. Kb3 (35. Rg3 Ne6 36. Ne3+ Kd4 37. Nf5+ Kd5 38. Nxg7 Nf4
39. Bc2 {bot dem Weißen noch stets Gewinnchancen.}) 35... e4 36. Rg3 Nf3 (36...
exd3 37. Rxg5+ Ke4 38. Rg4+ Kf3 39. Rxg7 $10) 37. Bc4+ Ke5 38. Rxg7 Nd2+ 39.
Kc3 Nb1+ 40. Kb3 {1/2-1/2 Blanco Fernandez,A-Arencibia,J/Matanzas 1995/CBM 48/
[Huebner,R] (40).}) (19. Kc3 Nd4 20. Bf3 Nxf3 $10) 19... Nd4+ 20. Ka2 Qxg2 21.
Bd3 Qc6 ({Nach} 21... Qd5 22. Rac1 f5 23. b4 Kb8 (23... cxb4 {scheitert an} 24.
Be4 fxe4 25. Rxd4 {,und Weiß gewinnt.}) 24. bxc5 Qxc5 {sollte Schwarz keine
Sorgen haben. Er möchte aber noch mehr Bauern schnappen.}) 22. Rac1 Qxa4+ 23.
Na3 Qb3+ $2 (23... b6 $5 {mußte gewagt werden. Schwarz möchte diese Schwächung
vermeiden; aber jetzt verliert er seinen g-Bauern und gerät in Nachteil.}) 24.
Kb1 Nc6 (24... Rd5 25. Qg1 {ist nicht besser; es droht sowohl 26.Lc4 wie 26.
Dg7:.}) 25. Qg3 Rd7 {Schwarz kann seinen g-Bauern nicht verteidigen; Weiß
erhält Vorteil.} (25... g6 26. Nb5 Rd7 27. Nd6+ Rxd6 (27... Kd8 {scheitert an}
28. Nxf7+) 28. Qxd6 Rd8 29. Qg3 Rd5 30. Be4 Qxg3 (30... Qxd1 31. Rxd1 Rxd1+ 32.
Kc2 Rd7 33. Bxc6 {ist natürlich hoffnungslos für Schwarz}) 31. hxg3 Rxd1 32.
Rxd1 Nd4 33. g4 f5 34. gxf5 exf5 35. Bd5 {, und Weiß stürzt sich auf die
Königsflügelbauern des Schwarzen.}) (25... a6 26. Nc4 {ist ebenfalls
unbefriedigend für Schwarz.}) 26. Qxg7 Rhd8 27. Bc2 Qb4 (27... Qh3 28. Rxd7
Rxd7 29. Qf8+ Kc7 30. Qxc5 {ist auch äußerst unerfreulich für Schwarz.}) 28.
Rxd7 Rxd7 29. Qxh7 Nd4 (29... f5 30. Qg8+ Nd8 {bot vielleicht bessere
Überlebensaussichten.}) 30. Qg8+ Kc7 31. Qg3+ Kc8 32. Qe3 Rd6 33. Bd1 Nf5 $2 {
Dies führt sofort zum Verlust, doch ist die Stellung des Schwarzen sowohl nach}
(33... f5 34. h4 {als auch nach}) (33... Rd5 34. Nc2 Nxc2 35. Bxc2 {äußerst
prekär; der freie h-Bauer des Weißen sollte den Sieg verbürgen.}) 34. Rxc5+ Kb8
(34... Kd7 35. Qc1 {ist nicht besser.}) 35. Qc1 a6 36. Bf3 Nd4 37. Rc4 Qb3 38.
Rc3 Qb4 39. Nc2 Nxc2 40. Rxc2 Rd7 41. Rc8+ Ka7 42. Qg1+ Qd4 43. Qxd4+ Rxd4 44.
Rc7 Kb6 45. Rxf7 Rh4 46. Rf6 Rxh2 47. Rxe6+ Kc5 48. Bxb7 1-0